00547nam a2200205Ia 450000500170000000800410001702000180005804000190007604100120009508200180010710000210012524500630014625000120020926000270022130000280024844000200027650400190029665000150031585000110033020240321130436.0131103s9999 xx 000 0 und d a0 582 32092 5 aLoreto College aEnglish a150.287 bJAC aJackson, Stephen 2aA Teacher's Guide to Tests and Testing cStephen Jackson a2nd ed. aLondonbLongmansc1971 axiv.162p.b ill., chart aEducation today aIncludes index aPsychology aLCBED